| 000 | 00517nam a2200205Ia 4500 | ||
|---|---|---|---|
| 008 | 170918s9999 xx 000 0 und d | ||
| 020 | _a9780439551892 | ||
| 050 | _bL521 1988 | ||
| 100 | _aLe Guin, Ursula K. | ||
| 245 | 2 | _aA catwings tale : | |
| 245 | _bcatwings / | ||
| 245 | _cUrsula K. Le Guin ; illustrations by S. D. Schindler. | ||
| 260 | _aNew York : | ||
| 260 | _bScholastic, | ||
| 260 | _c1988 | ||
| 300 | _a47 pages : | ||
| 300 | _bcolored illustration ; | ||
| 300 | _c18cm. | ||
| 500 | _a700 | ||
| 999 |
_c341925 _d341925 |
||